[Event "DSOL 05 Liga Gr-D 1st"]
[Site "Playchess.com INT"]
[Date "2020.08.13"]
[Round "2.2"]
[White "Huber, Herbert"]
[Black "Nordhorn, Horst"]
[Result "1/2-1/2"]
[WhiteElo "1749"]
[BlackElo "1636"]
[PlyCount "74"]
[EventDate "2020.06.22"]
[EventType "team-tourn (rapid)"]
[EventCountry "GER"]
[SourceTitle "EXT 2021"]
[Source "ChessBase"]
[SourceDate "2020.10.23"]
[SourceVersion "1"]
[SourceVersionDate "2020.10.23"]
[SourceQuality "1"]
[WhiteTeam "Wasserburg"]
[BlackTeam "Verden"]
[WhiteTeamCountry "GER"]
[BlackTeamCountry "GER"]

1. d4 b5 2. c3 Bb7 3. Nf3 e6 4. Bg5 Be7 5. Bxe7 Qxe7 6. Nbd2 Nf6 7. e3 a6 8. Bd3 d5 9. 0-0 0-0 10. Qc2 Nbd7 11. Ne5 g6 12. f4 c5 13. Ndf3 c4 14. Be2 Ne4 15. Nd2 f6 16. Nxd7 Qxd7 17. Bg4 Nxd2 18. Qxd2 f5 19. Bf3 Qe7 20. Qf2 Bc6 21. h4 h5 22. g3 a5 23. b3 Rfb8 24. Rfc1 Rb6 25. Qe2 Qe8 26. Kf2 Rab8 27. Qd2 Kg7 28. Be2 Qe7 29. Qb2 Qd6 30. Rcb1 Bd7 31. Qc1 Kf6 32. Rb2 a4 33. Rab1 a3 34. Rc2 Rc8 35. b4 Ra6 36. Qd1 Be8 37. Rcc1 Rca8 1/2-1/2

[Event "Niedersachsen-ch op A"]
[Site "Verden"]
[Date "2019.01.05"]
[Round "5"]
[White "Evering, Soeren"]
[Black "Nordhorn, Horst"]
[Result "1-0"]
[WhiteElo "1921"]
[BlackElo "1743"]
[PlyCount "105"]
[EventDate "2019.01.03"]
[EventType "swiss"]
[EventRounds "7"]
[EventCountry "GER"]
[SourceTitle "EXT 2022"]
[Source "ChessBase"]
[SourceDate "2021.10.06"]
[SourceVersion "1"]
[SourceVersionDate "2021.10.06"]
[SourceQuality "1"]

1. e4 a6 2. d4 b5 3. Bd3 Bb7 4. Nf3 e6 5. 0-0 c5 6. dxc5 Bxc5 7. Qe2 Nc6 8. c3 Nge7 9. Be3 Qb6 10. Bxc5 Qxc5 11. Nbd2 Ng6 12. Nb3 Qh5 13. Qe3 Nce5 14. Nxe5 Qxe5 15. f4 Qc7 16. Kh1 Ne7 17. a4 bxa4 18. Rxa4 0-0 19. Na5 Rfb8 20. f5 f6 21. fxe6 dxe6 22. Qh3 Bc8 23. e5 f5 24. Nc4 Qc6 25. Ra3 Qe8 26. Nd6 Qf8 27. b4 Rb6 28. Qf3 Bd7 29. Rfa1 Bc6 30. Qf2 Qd8 31. Bxa6 Rab8 32. Bc4 Bd5 33. Bxd5 Nxd5 34. b5 Rxd6 35. exd6 Qxd6 36. c4 Ne7 37. Ra8 Rxa8 38. Rxa8+ Kf7 39. Ra1 Qd3 40. Rc1 Qa3 41. Qc2 Qc5 42. h3 g6 43. Qb2 Nc8 44. Qh8 h6 45. Qd8 Qe3 46. Rd1 Ne7 47. b6 Qe4 48. Qc7 f4 49. b7 f3 50. b8Q fxg2+ 51. Kh2 g1Q+ 52. Rxg1 Qe2+ 53. Rg2 1-0

[Event "Niedersachsen-ch op B"]
[Site "Verden"]
[Date "2018.01.04"]
[Round "1"]
[White "Nordhorn, Horst"]
[Black "Brunner, Alexander1111"]
[Result "1-0"]
[WhiteElo "1650"]
[BlackElo "1482"]
[PlyCount "29"]
[EventDate "2018.01.04"]
[EventType "swiss"]
[EventRounds "7"]
[EventCountry "GER"]
[SourceTitle "EXT 2022"]
[Source "ChessBase"]
[SourceDate "2021.10.06"]
[SourceVersion "1"]
[SourceVersionDate "2021.10.06"]
[SourceQuality "1"]

1. Nf3 Nf6 2. d4 d5 3. e3 e6 4. Bd3 c5 5. c3 Nc6 6. 0-0 Bd6 7. Nbd2 0-0 8. e4 c4 9. Bc2 e5 10. exd5 Nxd5 11. dxe5 Nxe5 12. Nxe5 Bxe5 13. Nxc4 Bc7 14. Qd3 Be6 15. Qxh7# 1-0

[Event "Niedersachsen-ch op-A"]
[Site "Verden"]
[Date "2014.01.06"]
[Round "7"]
[White "Ewert, Stefan"]
[Black "Nordhorn, Horst"]
[Result "1/2-1/2"]
[WhiteElo "1916"]
[BlackElo "1683"]
[PlyCount "95"]
[EventDate "2014.01.02"]
[EventType "swiss"]
[EventRounds "7"]
[EventCountry "GER"]
[SourceTitle "EXT 2016"]
[Source "ChessBase"]
[SourceDate "2015.10.08"]
[SourceVersion "1"]
[SourceVersionDate "2015.10.08"]
[SourceQuality "1"]

1. d4 Nf6 2. c4 e5 3. d5 Bc5 4. e3 d6 5. Nc3 Bf5 6. a3 c6 7. Be2 cxd5 8. cxd5 0-0 9. Nf3 h6 10. 0-0 a6 11. b4 Ba7 12. Bb2 Nbd7 13. Rc1 Rc8 14. Qb3 g5 15. Na4 Qe7 16. b5 axb5 17. Bxb5 Nc5 18. Nxc5 Bxc5 19. Rfd1 Kh7 20. Kf1 Bg4 21. Be2 b6 22. Nd2 Bxe2+ 23. Kxe2 Nd7 24. g4 Nf6 25. h3 Qb7 26. Nf1 Qd7 27. Ng3 Nxg4 28. hxg4 Qxg4+ 29. Kd2 Qf3 30. Rf1 f5 31. Qd3 Kg8 32. Rc2 Rce8 33. Kc1 h5 34. Qd1 Qxd1+ 35. Kxd1 h4 36. Nh1 g4 37. Ke2 Kh7 38. Bc1 f4 39. Rg1 Rg8 40. Rc3 Ref8 41. Rc4 g3 42. fxg3 hxg3 43. Nxg3 fxg3 44. Rh4+ Kg6 45. Rxg3+ Kf7 46. Rf3+ Ke8 47. Rxf8+ Rxf8 48. Rh2 1/2-1/2

[Event "Niedersachsen-ch op-A"]
[Site "Verden"]
[Date "2013.01.04"]
[Round "4"]
[White "Davydov, Mihail"]
[Black "Nordhorn, Horst"]
[Result "1-0"]
[WhiteElo "2060"]
[BlackElo "1759"]
[PlyCount "91"]
[EventDate "2013.01.03"]
[EventType "swiss"]
[EventRounds "7"]
[EventCountry "GER"]
[SourceTitle "EXT 2014"]
[Source "ChessBase"]
[SourceDate "2013.11.20"]
[SourceVersion "1"]
[SourceVersionDate "2013.11.20"]
[SourceQuality "1"]

1. e4 e5 2. Nf3 Nc6 3. d4 exd4 4. Nxd4 Nxd4 5. Qxd4 d6 6. Nc3 Ne7 7. Bg5 Nc6 8. Qd2 Be7 9. Bxe7 Qxe7 10. 0-0-0 Bd7 11. Nd5 Qd8 12. h3 0-0 13. f4 Rc8 14. g4 Be6 15. Kb1 Bxd5 16. exd5 Ne7 17. f5 f6 18. Bg2 Qd7 19. Rhe1 Rce8 20. Re6 Nc8 21. Rde1 Re7 22. b3 Rfe8 23. a4 a6 24. Kb2 Qd8 25. h4 Nb6 26. Qb4 Nd7 27. Qxb7 Nc5 28. Rxe7 Rxe7 29. Qb4 Kf8 30. Ka3 Qe8 31. Rxe7 Kxe7 32. Qe1+ Kd7 33. Qxe8+ Kxe8 34. Kb4 Kd8 35. Ka5 Kc8 36. b4 Nd7 37. Kxa6 Ne5 38. g5 h6 39. gxh6 gxh6 40. b5 Kb8 41. b6 cxb6 42. Kxb6 Kc8 43. a5 Kb8 44. a6 Nc4+ 45. Kc6 Ka7 46. Be4 1-0